Language Quiz

Random Language or Letter Quiz
Score 0/25 Timer 09:00
3 Plays Today
% Correct
kilt
95.8%
kamikaze
94.9%
keepsake
94.7%
killjoy
94.4%
kinetic
94.4%
kerosene
94.2%
kosher
94%
knack
93.3%
kudos
92.5%
kerfuffle
91.5%
keratin
89.6%
kingfisher
88.7%
kaiser
88.2%
% Correct
krill
88.1%
khan
87.5%
koi
86.8%
kraken
85.9%
kimchi
85.8%
kahuna
84.8%
keister
83.7%
keno
81.7%
knave
80%
kanji
79.7%
kemp
79%
kea
62.7%
Remove Ads.
Support Sporcle.
Get the best of Sporcle when you Go Orange. This ad-free experience offers more features, more stats, and more fun while also helping to support Sporcle. Thank you for becoming a member.

You're not logged in!

Compare scores with friends on all Sporcle quizzes.
OR
Log In

Show Comments

Extras

Top Quizzes Today


Score Distribution

Your Account Isn't Verified!

In order to create a playlist on Sporcle, you need to verify the email address you used during registration. Go to your Sporcle Settings to finish the process.

Report this User

Report this user for behavior that violates our Community Guidelines.

Details: